| 000 | 00950 a2200169 4500 | ||
|---|---|---|---|
| 003 | Nust | ||
| 005 | 20170207154019.0 | ||
| 020 | _a0133943389 | ||
| 040 | _cNust | ||
| 082 |
_a621.3822 _bProakis, John G. |
||
| 245 |
_aDigital signal processing: principles and algorithms, applications- (E-BOOK) _cJohn G. Proakis and Dimitris M. Manolokis |
||
| 250 | _a3rd | ||
| 260 |
_aNew York _bPrentice Hall _c1996 |
||
| 300 | _a1033 p. | ||
| 505 | _aIntroduction (Page-1), Discrete Time Signals And Systems (Page-43), The Z-Transform And Its Applications To The Analysis Of LTI Systems (Page-151), Frequency Analysis Of Signals And Systems (Page-230), The Discrete Fourier Transform (Page-394), Efficient Computation Of The DFT (Page-448), Implementation Of Discrete Time Systems (Page-500), Design Of Digital Filters (Page-614), Sampling And Reconstruction Of Signals (Page-738), Multirate DSP (Page-782), Power Spectrum Estimation (Page-896). | ||
| 650 | _aE-BOOK | ||
| 942 |
_2ddc _cBK |
||
| 999 |
_c191604 _d191604 |
||